Ressemblances entre Pokémon et réalité - Statistiques

Statistiques générales
  • Ce quiz a été pris 2 249 fois
  • Le résultat moyen est 19 sur 22
Statistiques - réponses
Pokémon Resemblance % Correct
Carapuce Tortue
100%
Krabboss Crabe
98%
Abo Serpent
98%
Persian Chat
97%
Tauros Taureau
95%
Simularbre Arbre
94%
Cerfrousse Renne
94%
Hoothoot Hibou
93%
Wattouat Mouton
93%
Lamantine Otarie
93%
Galopa Cheval
92%
Ursaring Ours
92%
Démanta Raie Manta
91%
Wailord Baleine
89%
Sharpedo Requin
88%
Goupix Renard
86%
Sorboul Cornet de glace
84%
Hypotrempe Hippocampe
82%
Séléroc Lune
77%
Galifeu Poulet
67%
Bekipan Pélican
62%
Linéon Blaireau
30%
Aucun quiz correspondant
Distribution des résultats
% des personnes avec chaque résultat
Percentile par nombre de réponses
Votre historique - résultats
Vous n’avez pas pris ce quiz